000 00835nam a22002777a 4500
003 CHAP
005 20220329135840.0
008 971013s1965 r 00010 d
010 _a43233
011 _a44205
035 _a48343
040 _cCHAP
090 _aFolleto 999
100 0 0 _aRados, Frantisek.
_993711
245 _aEvolución de la legislación cooperativa en Checoslovaquia
260 _aPraga :
_bConsejo Central de Cooperativas,
_c1965
300 _a22 p.
590 _aBATCH-UPD
_b10
_c20130110
_lUCH01
_h0040
590 _aBATCH-UPD
_b10
_c20130110
_lUCH01
_h2246
590 _aCONVERSION
_b10
_c20130109
_lUCH01
_h1324
650 1 4 _aCooperativismo
_xChecoslovaquia.
_927791
650 1 4 _aCooperativismo
_xLeyes.
_927798
901 _aBK
942 _cFOLL
949 _aFolleto 999
_bBC
_cFOLL
_d-109569
_eTS1
_i48343
_si
999 _c43233
_d43233